00350nam a2200133Ia 4500008004100000020001500041041001200056082001600068100002100084245006700105260002600172300001000198650000800208221030s9999 xx 000 0 und d a8188057096 aEnglish a105.23bVen aY. Venkataramani 0aLinear Integrated Circuits & Applicationscby Y. Venkataramani bISTEaNew Delhic2001 a10.27 aECE